La literatura de los guaranies

-д хадгалсан:
Номзүйн дэлгэрэнгүй
Үндсэн зохиолч: López Austin, Alfredo (autor)
Формат: Ном
Хэл сонгох:испани
Хэвлэсэн: Ciudad de México Joaquin Mortiz 1965
Цуврал:El legado de la América Indigena
Нөхцлүүд:
Шошгууд: Шошго нэмэх
Шошго байхгүй, Энэхүү баримтыг шошголох эхний хүн болох!

MARC

LEADER 00000nam a2200000 a 4500
001 UCV9138
003 CL-VaPUC
008 920604e19650000MX |||||||||||||||||spa|d
082 0 4 |a 898.382  |b LOP  |2 21 
100 |a López Austin, Alfredo  |e autor  |9 565996 
245 1 3 |a La literatura de los guaranies 
300 |a 162 p 
942 |c BK 
945 |d 19920604 00:00:00 
260 |a Ciudad de México  |b Joaquin Mortiz  |c 1965 
650 7 |a LITERATURA GUARANIES  |2 CL-VaPUC  |9 267667 
583 |a last modification  |c 19920604 00:00:00  |k Rodrigo Vera 
490 0 |a El legado de la América Indigena 
999 |c 214520  |d 214518 
952 |0 0  |1 0  |4 0  |6 898_382000000000000_LOP_1965  |7 0  |8 A  |9 197973  |a BIBARQ  |b BIBARQ  |d 2019-11-14  |i 2655829  |o 898.382 LOP 1965  |p 2655829  |r 2025-01-20  |w 2019-11-14  |y BK  |k ARQ 
952 |0 0  |1 0  |4 0  |6 898_382000000000000_LOP_1965  |7 0  |8 A  |9 197974  |a BIBEDU  |b BIBEDU  |d 2019-11-14  |i 2869292  |o 898.382 LOP 1965  |p 2869292  |r 2019-11-14  |w 2019-11-14  |y BK  |k LIT